The American people in the twentieth century
This illusion was the product of the absence in America of the kind of differences familiar to the Old World. Europeans missed here the overt indications of rank.
Tallennettuna:
| Päätekijä: | |
|---|---|
| Aineistotyyppi: | Kirja |
| Kieli: | Undetermined |
| Julkaistu: |
Cambridge, Masachusetts
Harvard University Press
1966
|
| Aiheet: | |
| Tagit: |
Lisää tagi
Ei tageja, Lisää ensimmäinen tagi!
|
| Thư viện lưu trữ: | Trung tâm Học liệu Trường Đại học Cần Thơ |
|---|
| LEADER | 00765nam a2200205Ia 4500 | ||
|---|---|---|---|
| 001 | CTU_141137 | ||
| 008 | 210402s9999 xx 000 0 und d | ||
| 082 | |a 917.3 | ||
| 082 | |b H236 | ||
| 100 | |a Handlin, Oscar | ||
| 245 | 4 | |a The American people in the twentieth century | |
| 245 | 0 | |c Handlin Oscar | |
| 260 | |a Cambridge, Masachusetts | ||
| 260 | |b Harvard University Press | ||
| 260 | |c 1966 | ||
| 520 | |a This illusion was the product of the absence in America of the kind of differences familiar to the Old World. Europeans missed here the overt indications of rank. | ||
| 650 | |a Minorities,Dân tộc thiểu số | ||
| 650 | |z United States,Nước Mỹ | ||
| 904 | |i Trọng Hải | ||
| 980 | |a Trung tâm Học liệu Trường Đại học Cần Thơ | ||